Informe Musgrave : (Registro nro. 7625)

Detalles MARC
000 -LEADER
fixed length control field 01035nam a2200265Ia 4500
003 - CONTROL NUMBER IDENTIFIER
control field OSt
005 - DATE AND TIME OF LATEST TRANSACTION
control field 20210415103205.0
008 - FIXED-LENGTH DATA ELEMENTS--GENERAL INFORMATION
fixed length control field 210310s1969 ck gr 001 0 spa d
040 ## - CATALOGING SOURCE
Original cataloging agency CO-JMCR
Transcribing agency CO-JMCR
041 0# - LANGUAGE CODE
Language code of text/sound track or separate title spa
082 04 - DEWEY DECIMAL CLASSIFICATION NUMBER
Classification number 336.86 /
Item number M987b
Edition number 23
100 1# - MAIN ENTRY--PERSONAL NAME
Personal name Musgrave, Richard A.,
9 (RLIN) 14977
Relator term autor
245 10 - TITLE STATEMENT
Title Informe Musgrave :
Remainder of title bases para una reforma tributaria en Colombia /
Statement of responsibility, etc. Richard Musgrave, Oliver Oldman, Alan Peacock [y otros 5]
260 ## - PUBLICATION, DISTRIBUTION, ETC.
Place of publication, distribution, etc. [Bogotá] :
Name of publisher, distributor, etc. Tercer Mundo,
Date of publication, distribution, etc. 1969
300 ## - PHYSICAL DESCRIPTION
Other physical details 321 páginas ;
Dimensions 23 cm.
490 0# - SERIES STATEMENT
Series statement Biblioteca Banco Popular
500 ## - GENERAL NOTE
General note Incluye notas a pie de página e índice analítico.
505 0# - FORMATTED CONTENTS NOTE
Formatted contents note Introducción y objetivos -- Cambios en la Estructura Tributaria -- Relaciones Fiscales Intergubernamentales
650 14 - SUBJECT ADDED ENTRY--TOPICAL TERM
Topical term or geographic name entry element Hacienda pública
9 (RLIN) 14979
Geographic subdivision Colombia
650 24 - SUBJECT ADDED ENTRY--TOPICAL TERM
Topical term or geographic name entry element Régimen fiscal
General subdivision Reformas
Geographic subdivision Colombia
9 (RLIN) 36876
650 24 - SUBJECT ADDED ENTRY--TOPICAL TERM
Topical term or geographic name entry element Economía
Geographic subdivision Colombia
9 (RLIN) 7273
700 1# - ADDED ENTRY--PERSONAL NAME
Personal name Oldman, Oliver,
Relator term autor
9 (RLIN) 36774
700 1# - ADDED ENTRY--PERSONAL NAME
Personal name Peacock, Alan,
Relator term autor
9 (RLIN) 36877
942 ## - ADDED ENTRY ELEMENTS (KOHA)
Source of classification or shelving scheme Dewey Decimal Classification
Koha item type Books
Existencias
Withdrawn status Lost status Source of classification or shelving scheme Damaged status Not for loan Collection code Home library Current library Date acquired Source of acquisition Full call number Barcode Date last seen Copy number Koha item type Total Checkouts Price effective from
    Dewey Decimal Classification     Non-fiction Biblioteca Pública José María del Castillo y Rada Biblioteca Pública José María del Castillo y Rada 04/15/2018 Donación 336.86 / M987b 430004585 05/16/2024 Ej.1 Books    
    Dewey Decimal Classification     Non-fiction Biblioteca Pública José María del Castillo y Rada Biblioteca Pública José María del Castillo y Rada 04/15/2018 Donación 336.86 / M987b 430004584 05/16/2024 Ej.2 Books   04/15/2021